000 00832nam a22002417a 4500
999 _c15055
_d15055
003 AR-CdUCM
008 190415b ||||| |||| 00| 0 spa d
020 _a978-612-301-912-9
040 _aMUNICIPALIDAD PROVINCIAL DEL CUSCO
_cBIBLIOTECA MUNICIPAL DEL CUSCO
082 _aEP / 803 /
_bC95
100 _aCueto Pz Vergara, Pamela.
_934068
245 _aEl jarjachai :
_bEl perverso condenado /
260 _aLima :
_bQG editores S.A.C.,
_c2013.
300 _a45 páginas ;
_c21 cm.
440 _aLeyendas tenebrosas del Perú .
_n5
_934069
500 _aYo leo plan lector.
505 _aContenido :El jarjacha, el perverso condenado .
650 _aHistorietas.
_910786
650 _aCuentos de terror.
_931714
700 _aAyala, Gabriela y Mateo (Ilustraciones)
_934050
942 _2ddc
_cLIBROS
945 _arum
_d2019-04-25